00340nam a2200133Ia 4500008004100000020001500041041001200056100001700068245005300085260003400138300000800172650001000180700001600190221030s9999 xx 000 0 und d a8121901324 aEnglish aR. S. Khurmi 0aTheory of Machinescby R. S. Khurmi, J. K. Gupta bEurasia Pub.aNew Delhic1995 a970 aCivil aJ. K. Gupta